| 000 | 00788nam a22001937a 4500 | ||
|---|---|---|---|
| 005 | 20241202125905.0 | ||
| 010 | _aHIN-128879 | ||
| 020 |
_a9789381851647 _c495.00 |
||
| 035 | _aHN-101225 | ||
| 037 | _bDBAD | ||
| 082 | _a571.98 | ||
| 100 |
_aसेंगर, देवेन्द्र _974477 |
||
| 245 |
_aआम बीमारियां: कारण एवं बचाव/ _cदेवेन्द्र सेंगर |
||
| 250 | _aप्रथम | ||
| 260 |
_aदिल्ली _bलक्ष्य साहित्य _c2021 |
||
| 270 |
_aएन-66, गली नं.-4, नवीन शाहदरा _bदिल्ली _e110032 |
||
| 300 |
_a199 पृ. _c23 सेमी (सजिल्द) |
||
| 942 |
_2ddc _cHN _h571.98 _mसेंगर |
||
| 999 |
_c207291 _d207291 |
||